Madras interim plan : An Extract of proposals for land use and development (Record no. 414028)

000 -LEADER
fixed length control field 00430cam a22001217a 4500
008 - FIXED-LENGTH DATA ELEMENTS--GENERAL INFORMATION
fixed length control field 180718b1967 xxu||||| |||| 00| 0 eng d
082 ## - DEWEY DECIMAL CLASSIFICATION NUMBER
Classification number Y11x5452 T152
245 ## - TITLE STATEMENT
Title Madras interim plan : An Extract of proposals for land use and development
Statement of responsibility, etc. By Govt. of Tamil Nadu
260 ## - PUBLICATION, DISTRIBUTION, ETC.
Place of publication, distribution, etc. Madras
Name of publisher, distributor, etc. Govt. of Tamil Nadu
Date of publication, distribution, etc. 1967
300 ## - PHYSICAL DESCRIPTION
Extent 112p.
650 ## - SUBJECT ADDED ENTRY--TOPICAL TERM
Topical term or geographic name entry element Land use -- Planning -- India -- Madras
650 ## - SUBJECT ADDED ENTRY--TOPICAL TERM
Topical term or geographic name entry element City planning -- India --Madras
Holdings
Withdrawn status Lost status Damaged status Not for loan Permanent Location Current Location Date acquired Full call number Barcode Date last seen Price effective from Koha item type
        Indian Institute of Public Administration Indian Institute of Public Administration 2009-02-26 Y112x5452 T152 D1877 2018-07-21 2018-07-21 D
        Indian Institute of Public Administration Indian Institute of Public Administration 2009-02-20 Y11x5452 T152 D1564 2018-07-21 2018-07-21 D

Powered by Koha